Diversidade e unidade em Fernando Pessoa (Registo nº 201528)

Detalhes MARC
000 -Etiqueta do registo
Valores 00570nam 22001933 4500
100 ## - Dados gerais de processamento
Dados gerais 20260325d u||y0pory50 ba
200 ## - Titulo e menção de responsabilidade
Título próprio Diversidade e unidade em Fernando Pessoa
Primeira menção de responsabilidade Jacinto do Prado Coelho
205 ## - Menção da edição
Edição
210 ## - Publicação
Local de publicação Lisboa
Nome do editor Verbo
Data de publicação imp. 1985
215 ## - Descrição física 
Paginação / Volumes 268, [4] p.
Outras indicações físicas brochado
Dimensões 20 cm
225 ## - Colecção 
Título próprio da colecção Presenças
Número de parte ou secção 2
606 ## - Nome comum usado como assunto
ID Autoridade 3661
Palavra de ordem Crítica Literária.Estudos Literários
675 ## - CDU
Notação 82.09
Edição PT
Língua por
700 ## - Autor principal (pessoa individual)
ID Autoridade 6287
Apelido Coelho
Nome Jacinto do Prado
Datas 1920-1984
801 ## - Fonte de origem
País PT
Agência BMMN
Regras de catalogação RPC
830 ## - Notas gerais do catalogador
Criado por Vanda
990 ## - Elementos KOHA
Tipo de documento Livro
Exemplares
Situação do levantamento Biblioteca de origem Código de barras Cota Permissão de empréstimo Tipo de documento Forma de aquisição
  Biblioteca Municipal de Montemor-o-Novo 30866 82.09 COE|DEP   Livro Compra

Powered by Koha